[Event "SVK-ch Blitz"]
[Site "Nitra"]
[Date "2022.10.29"]
[Round "13"]
[White "Solcan, Martin"]
[Black "Sosovickova, Jana"]
[Result "1-0"]
[WhiteElo "2033"]
[BlackElo "1753"]
[PlyCount "83"]
[EventDate "2022.10.29"]
[EventType "swiss"]
[EventRounds "13"]
[EventCountry "SVK"]
[SourceTitle "EXT 2024"]
[Source "ChessBase"]
[SourceDate "2023.10.10"]
[SourceVersion "1"]
[SourceVersionDate "2023.10.10"]
[SourceQuality "1"]

1. g3 d5 2. Bg2 Nf6 3. Nf3 g6 4. 0-0 Bg7 5. d3 0-0 6. c4 c6 7. Nc3 Re8 8. Rb1 e5 9. b4 d4 10. Na4 Nbd7 11. Bg5 h6 12. Bxf6 Bxf6 13. Nd2 Bg7 14. Ne4 Nf6 15. b5 Nxe4 16. Bxe4 cxb5 17. Rxb5 Rb8 18. Bg2 b6 19. Rb2 Bb7 20. Bxb7 Rxb7 21. Nc5 Rb8 22. Na6 Rc8 23. Qa4 Qd6 24. Nb4 Red8 25. Nd5 Rd7 26. Qa6 Rcd8 27. Rfb1 Kh7 28. Qb5 f5 29. Qb4 Qe6 30. Rb3 e4 31. Nf4 Qc6 32. Qb5 Qd6 33. Rb4 Be5 34. Nd5 Bg7 35. Ra4 exd3 36. exd3 Re8 37. Ra6 Re2 38. Qa4 Qe6 39. Nf4 Re1+ 40. Kg2 Qe7 41. Rxe1 Qxe1 42. Qxd7 1-0

[Event "SVK-chT1E 2122"]
[Site "Slovakia"]
[Date "2022.05.15"]
[Round "11.6"]
[White "Solcan, Martin"]
[Black "Lasanda, Michal"]
[Result "1-0"]
[WhiteElo "2086"]
[BlackElo "2069"]
[PlyCount "77"]
[EventDate "2022.01.29"]
[EventType "team-tourn"]
[EventRounds "11"]
[EventCountry "SVK"]
[SourceTitle "EXT 2023"]
[Source "ChessBase"]
[SourceDate "2022.10.05"]
[SourceVersion "1"]
[SourceVersionDate "2022.10.05"]
[SourceQuality "1"]
[WhiteTeam "Zvolen Slavia"]
[BlackTeam "Michalovce Zemplin"]
[WhiteTeamCountry "SVK"]
[BlackTeamCountry "SVK"]

1. g3 d5 2. Bg2 Nf6 3. Nf3 c5 4. 0-0 e6 5. d4 Be7 6. c4 0-0 7. cxd5 exd5 8. Nc3 b6 9. Bg5 Bb7 10. Rc1 Na6 11. e3 Nc7 12. dxc5 bxc5 13. Na4 Ne6 14. Bxf6 Bxf6 15. Nxc5 Nxc5 16. Rxc5 Qb6 17. Rc1 Ba6 18. Re1 Bxb2 19. Rb1 Qf6 20. Qxd5 Rab8 21. Qg5 Qe6 22. Qa5 Bd3 23. Nd4 Qc4 24. Bd5 Qc3 25. Qxc3 Bxc3 26. Rxb8 Bxe1 27. Rb7 a5 28. Nf3 Bb4 29. e4 Rc8 30. Ne5 Rc1+ 31. Kg2 Bf1+ 32. Kf3 Rc3+ 33. Kg4 Be2+ 34. f3 h5+ 35. Kg5 Bd6 36. Nxf7 Bf8 37. Rb8 Bxf3 38. Ne5+ Kh7 39. Rxf8 1-0

[Event "SVK-chT1E 2122"]
[Site "Slovakia"]
[Date "2022.05.14"]
[Round "10.6"]
[White "Sekova, Olivia"]
[Black "Solcan, Martin"]
[Result "0-1"]
[WhiteElo "1694"]
[BlackElo "2086"]
[PlyCount "65"]
[EventDate "2022.01.29"]
[EventType "team-tourn"]
[EventRounds "11"]
[EventCountry "SVK"]
[SourceTitle "EXT 2023"]
[Source "ChessBase"]
[SourceDate "2022.10.05"]
[SourceVersion "1"]
[SourceVersionDate "2022.10.05"]
[SourceQuality "1"]
[WhiteTeam "Humenne Reinter II"]
[BlackTeam "Zvolen Slavia"]
[WhiteTeamCountry "SVK"]
[BlackTeamCountry "SVK"]

1. e4 c5 2. Nf3 g6 3. Nc3 Bg7 4. d4 cxd4 5. Nxd4 Nc6 6. Nxc6 bxc6 7. Bc4 d6 8. 0-0 Nf6 9. e5 dxe5 10. Qxd8+ Kxd8 11. Re1 e6 12. Bd2 Nd5 13. Ne4 f5 14. Nc5 Rb8 15. Ba5+ Ke7 16. Bxd5 exd5 17. Bc3 Kd6 18. Nd3 d4 19. Bb4+ Kd5 20. Ba3 a5 21. Rad1 e4 22. Nf4+ Kc4 23. b3+ Kb5 24. Bb2 c5 25. a4+ Kc6 26. f3 Bh6 27. Bc1 e3 28. Nd3 Re8 29. Re2 Ba6 30. Ba3 Bf8 31. Ree1 c4 32. Bxf8 cxd3 33. Bg7 0-1